[Event "Purtichju op"]
[Site "Purtichju"]
[Date "2023.07.06"]
[Round "8"]
[White "Anwesh, Upadhyaya"]
[Black "Makkar, Rajat"]
[Result "1/2-1/2"]
[WhiteElo "2356"]
[BlackElo "2419"]
[PlyCount "156"]
[EventDate "2023.07.01"]
[EventType "swiss"]
[EventRounds "9"]
[EventCountry "FRA"]
[SourceTitle "CBM 215 Extra"]
[Source "ChessBase"]
[SourceDate "2023.09.30"]
[SourceVersion "1"]
[SourceVersionDate "2023.09.30"]
[SourceQuality "1"]

1. d4 d5 2. Nf3 Nf6 3. c4 e6 4. Nc3 c6 5. Bg5 Nbd7 6. e3 Qa5 7. Nd2 Bb4 8. Qc2 e5 9. Bxf6 Nxf6 10. dxe5 Ne4 11. Ndxe4 dxe4 12. a3 Bf5 13. 0-0-0 Be7 14. Nxe4 Bxa3 15. Bd3 Bxe4 16. Bxe4 Bb4 17. Bxh7 Qxe5 18. Rd4 Qa5 19. Kb1 Rd8 20. Qe4+ Kf8 21. Bf5 Rh6 22. Rxd8+ Qxd8 23. Bg4 Be7 24. h3 Qa5 25. Rd1 Rd6 26. Rxd6 Bxd6 27. Qf5 Qxf5+ 28. Bxf5 Bh2 29. Bc8 b6 30. Bb7 Bg1 31. f3 Bxe3 32. Bxc6 g5 33. Kc2 Ke7 34. Kd3 Bc1 35. b4 Kd6 36. Be8 Ke7 37. Ba4 Ba3 38. Kc3 Kd6 39. g3 f5 40. Bc2 Ke6 41. Kb3 Bc1 42. Ka4 f4 43. gxf4 Bxf4 44. Kb5 Bd2 45. c5 bxc5 46. bxc5 Kd7 47. Bf5+ Kc7 48. Kc4 Kc6 49. Be4+ Kd7 50. Kd5 Bf4 51. Bc2 Bg3 52. Ba4+ Ke7 53. Ke4 Kf6 54. Kd5 Ke7 55. Kc6 Bf2 56. Kb5 Bg1 57. Kc4 Bh2 58. Kd5 Bg3 59. Bb3 Bh2 60. Bc4 Bg3 61. Bf1 Bh2 62. Ke4 Kf6 63. c6 Bc7 64. Bc4 a5 65. Bb5 Bb8 66. Ba4 Bc7 67. Bc2 Bb8 68. Kd5 Bc7 69. Kc5 Ke7 70. Kb5 Kf6 71. Ka6 Ke7 72. Kb7 Kd8 73. Bb3 Bd6 74. Kb6 Bc7+ 75. Ka6 Ke7 76. Kb7 Kd8 77. Ka6 Ke7 78. Kb7 Kd8 1/2-1/2

[Event "Teplice op"]
[Site "Teplice"]
[Date "2023.06.18"]
[Round "9"]
[White "Vasquez Schroder, Rodrigo Rafael"]
[Black "Anwesh, Upadhyaya"]
[Result "0-1"]
[WhiteElo "2507"]
[BlackElo "2353"]
[PlyCount "88"]
[EventDate "2023.06.10"]
[EventType "swiss"]
[EventRounds "9"]
[EventCountry "CZE"]
[SourceTitle "CBM 214 Extra"]
[Source "ChessBase"]
[SourceDate "2023.07.31"]
[SourceVersion "1"]
[SourceVersionDate "2023.07.31"]
[SourceQuality "1"]

1. e4 e5 2. Nf3 Nc6 3. Bb5 a6 4. Ba4 Nf6 5. 0-0 b5 6. Bb3 Be7 7. d4 d6 8. c3 0-0 9. h3 Bb7 10. Re1 Na5 11. Bc2 Nc4 12. b3 Nb6 13. Nbd2 Nfd7 14. Nf1 Re8 15. Ng3 g6 16. Bh6 Bf6 17. Qd2 c5 18. d5 Bg7 19. Bg5 Bf6 20. Be3 a5 21. Bd3 c4 22. Bf1 Qc7 23. Rec1 Nc5 24. b4 axb4 25. cxb4 Nca4 26. Nh2 h5 27. Be2 Bc8 28. Bxh5 gxh5 29. Nxh5 Bh8 30. Bg5 f5 31. exf5 Bxf5 32. Bf6 Qh7 33. Qg5+ Qg6 34. Qh4 Kf7 35. Bg5 Rg8 36. f4 exf4 37. Nf3 Bxa1 38. Rxa1 Rh8 39. Qxf4 Rxh5 40. Re1 Re8 41. Rxe8 Kxe8 42. h4 Rxg5 43. Nxg5 Nxd5 44. Qd4 Nab6 0-1

[Event "Teplice op"]
[Site "Teplice"]
[Date "2023.06.17"]
[Round "8"]
[White "Anwesh, Upadhyaya"]
[Black "Deodhar, Vrushali Umesh"]
[Result "1-0"]
[WhiteElo "2353"]
[BlackElo "2033"]
[PlyCount "97"]
[EventDate "2023.06.10"]
[EventType "swiss"]
[EventRounds "9"]
[EventCountry "CZE"]
[SourceTitle "CBM 214 Extra"]
[Source "ChessBase"]
[SourceDate "2023.07.31"]
[SourceVersion "1"]
[SourceVersionDate "2023.07.31"]
[SourceQuality "1"]

1. Nf3 d5 2. c4 c6 3. e3 Nf6 4. Nc3 g6 5. d4 Bg7 6. Be2 0-0 7. 0-0 Bg4 8. cxd5 cxd5 9. Qb3 b6 10. h3 Bxf3 11. Bxf3 e6 12. Bd2 Nc6 13. Qa4 Qd7 14. Rfc1 Rfd8 15. Be2 a6 16. Bf1 b5 17. Qd1 Rdc8 18. a4 b4 19. Ne2 Ne4 20. Be1 Bf8 21. Nf4 Qb7 22. Nd3 Na5 23. f3 Nf6 24. Rxc8 Rxc8 25. Rc1 Nc4 26. Bf2 a5 27. b3 Nb6 28. Nc5 Bxc5 29. Rxc5 Rxc5 30. dxc5 Nbd7 31. e4 Qc7 32. exd5 Nxd5 33. Qd4 Ne5 34. Bb5 g5 35. Kf1 f6 36. h4 h6 37. h5 Kf8 38. Bg3 Ke7 39. c6 Kd6 40. Bf2 Nxc6 41. Qc5+ Kd7 42. Qf8 Qf4 43. Kg1 g4 44. fxg4 Qxg4 45. Bc5 Qd1+ 46. Bf1 Nd4 47. Qd6+ Kc8 48. Qa6+ Kd8 49. Qa8+ 1-0

[Event "Bodensee op"]
[Site "Bregenz"]
[Date "2023.05.19"]
[Round "7"]
[White "Anwesh, Upadhyaya"]
[Black "Besou, Hussain"]
[Result "1-0"]
[WhiteElo "2340"]
[BlackElo "2304"]
[PlyCount "121"]
[EventDate "2023.05.13"]
[EventType "swiss"]
[EventRounds "9"]
[EventCountry "AUT"]
[SourceTitle "CBM 215 Extra"]
[Source "ChessBase"]
[SourceDate "2023.09.30"]
[SourceVersion "1"]
[SourceVersionDate "2023.09.30"]
[SourceQuality "1"]

1. Nf3 d5 2. c4 d4 3. b4 f6 4. Bb2 e5 5. a3 c5 6. d3 cxb4 7. g3 Nc6 8. Bg2 Bc5 9. 0-0 Nge7 10. Nbd2 0-0 11. Qa4 Bd7 12. Ne4 bxa3 13. Bxa3 Bxa3 14. Qxa3 b6 15. Rfb1 Be6 16. Nfd2 Qd7 17. c5 Rab8 18. Qa6 Nd5 19. cxb6 axb6 20. Qb5 Rfc8 21. Nc4 h6 22. Rb2 Nc3 23. Qa6 Nxe4 24. Bxe4 Bxc4 25. Qxc4+ Kh8 26. Qb5 Qd6 27. Rc1 Ne7 28. Rxc8+ Rxc8 29. Qxb6 Qd7 30. Rb1 Nd5 31. Qb7 Qxb7 32. Rxb7 Nc3 33. Bf3 Rf8 34. g4 Kh7 35. h4 f5 36. gxf5 Rxf5 37. Kg2 Kg6 38. e3 Rf6 39. Rd7 dxe3 40. fxe3 Re6 41. Rc7 Nb5 42. Rc5 Nd6 43. Bg4 Nf5 44. Kf3 Nxh4+ 45. Ke4 Re7 46. Rxe5 Kf6 47. Rxe7 Kxe7 48. d4 Kd6 49. Kd3 Ng6 50. Bh5 Nh4 51. e4 g6 52. e5+ Kd5 53. Bd1 Ke6 54. Ke4 h5 55. d5+ Ke7 56. d6+ Ke6 57. Bb3+ Kd7 58. Kd5 Nf5 59. e6+ Kd8 60. Bc2 Ne3+ 61. Kc6 1-0

[Event "Bodensee op"]
[Site "Bregenz"]
[Date "2023.05.15"]
[Round "3"]
[White "Anwesh, Upadhyaya"]
[Black "Bezemer, Arno J"]
[Result "1/2-1/2"]
[WhiteElo "2340"]
[BlackElo "2206"]
[PlyCount "137"]
[EventDate "2023.05.13"]
[EventType "swiss"]
[EventRounds "9"]
[EventCountry "AUT"]
[SourceTitle "CBM 215 Extra"]
[Source "ChessBase"]
[SourceDate "2023.09.30"]
[SourceVersion "1"]
[SourceVersionDate "2023.09.30"]
[SourceQuality "1"]

1. e4 e5 2. Nf3 Nc6 3. Nc3 Nf6 4. d4 exd4 5. Nxd4 Bc5 6. Be3 Bxd4 7. Bxd4 0-0 8. Be3 Re8 9. Bd3 d5 10. exd5 Nb4 11. 0-0 Bg4 12. Qd2 Nbxd5 13. Bg5 Qd7 14. Nxd5 Nxd5 15. Rfe1 Bf5 16. Bf1 h6 17. Bh4 Nb6 18. Qxd7 Nxd7 19. f3 c6 20. Rad1 Nc5 21. b3 Rxe1 22. Bxe1 Be6 23. h4 a5 24. g4 a4 25. b4 Nd7 26. a3 Ne5 27. Bg3 Nc4 28. Rd3 Kf8 29. Bf4 Ke7 30. Kf2 Rd8 31. Bc1 b5 32. Rxd8 Kxd8 33. h5 Kd7 34. Be2 Bd5 35. f4 Ke6 36. Bd3 f6 37. Kg3 Kf7 38. Kf2 Ke6 39. Kg3 Kf7 40. Bg6+ Ke6 41. Bf5+ Ke7 42. g5 Nd6 43. Bd3 hxg5 44. fxg5 fxg5 45. Bxg5+ Ke6 46. Bc1 Nc4 47. Kf4 Kf6 48. Bg6 Ke6 49. Bf5+ Kf6 50. Bd3 Bf7 51. Be4 Bd5 52. Bg6 Ke6 53. Kg5 Bf3 54. Bh7 Kf7 55. Bg6+ Ke6 56. Bd3 Kd5 57. Bg6 Bd1 58. Kf4 Kd4 59. Be4 Bxh5 60. Bxc6 Bg6 61. Bxb5 Bxc2 62. Bd7 Kc3 63. b5 Nb6 64. Bc6 Bd3 65. Be3 Bxb5 66. Bxb5 Nd5+ 67. Kf3 Nxe3 68. Kxe3 Kb3 69. Bxa4+ 1/2-1/2

[Event "Vinnytsia IM"]
[Site "Vinnytsia"]
[Date "2021.10.30"]
[Round "8"]
[White "Yurovskich, Oleksandr"]
[Black "Anwesh, Upadhyaya"]
[Result "1/2-1/2"]
[WhiteElo "2285"]
[BlackElo "2358"]
[PlyCount "24"]
[EventDate "2021.10.26"]
[EventType "tourn"]
[EventRounds "9"]
[EventCountry "UKR"]
[EventCategory "3"]
[SourceTitle "CBM 204 Extra"]
[Source "ChessBase"]
[SourceDate "2021.11.30"]
[SourceVersion "1"]
[SourceVersionDate "2021.11.30"]
[SourceQuality "1"]

1. d4 d5 2. c4 c6 3. Nc3 Nf6 4. cxd5 cxd5 5. Bf4 Nc6 6. Nf3 Bf5 7. e3 e6 8. Bd3 Bxd3 9. Qxd3 Bd6 10. Bxd6 Qxd6 11. a3 a6 12. 0-0 0-0 1/2-1/2

[Event "Kiev Independence Cup IM"]
[Site "Kiev"]
[Date "2021.09.09"]
[Round "7"]
[White "Roshka, Yevgeniy"]
[Black "Anwesh, Upadhyaya"]
[Result "1/2-1/2"]
[WhiteElo "2476"]
[BlackElo "2366"]
[PlyCount "210"]
[EventDate "2021.09.03"]
[EventType "tourn"]
[EventRounds "9"]
[EventCountry "UKR"]
[EventCategory "1"]
[SourceTitle "CBM 204 Extra"]
[Source "ChessBase"]
[SourceDate "2021.11.30"]
[SourceVersion "1"]
[SourceVersionDate "2021.11.30"]
[SourceQuality "1"]

1. d4 d5 2. c4 c6 3. Nc3 Nf6 4. Nf3 e6 5. g3 Be7 6. Bg2 0-0 7. 0-0 dxc4 8. Ne5 c5 9. dxc5 Bxc5 10. Nxc4 Nc6 11. Bf4 Qe7 12. Bd6 Bxd6 13. Qxd6 Qxd6 14. Nxd6 Rd8 15. Rfd1 Kf8 16. Bxc6 bxc6 17. Nc4 Bd7 18. e4 Be8 19. f3 Nd7 20. e5 f6 21. f4 g5 22. fxg5 fxg5 23. Rd6 Ke7 24. Ne4 h6 25. Rad1 Bg6 26. Nf6 Nxe5 27. Nxe5 Rxd6 28. Nxg6+ Kxf6 29. Rxd6 a5 30. Rxc6 h5 31. b3 Kxg6 32. Rxe6+ Kf5 33. Re2 Rc8 34. Kf2 a4 35. Ke1 h4 36. gxh4 gxh4 37. Kd2 axb3 38. axb3 Kf4 39. Kd3 h3 40. Rf2+ Ke5 41. Rf3 Rh8 42. Kc4 Kd6 43. b4 Kc6 44. Rf6+ Kb7 45. Kb5 Rh5+ 46. Ka4 Rh8 47. Kb3 Rh4 48. Rg6 Kc7 49. Kc3 Kb7 50. Rg7+ Kb6 51. Kb3 Rh8 52. Rg6+ Kb5 53. Rg5+ Kb6 54. Ra5 Kb7 55. Ka4 Kb6 56. Rb5+ Kc6 57. Rf5 Ra8+ 58. Ra5 Rh8 59. Ra6+ Kb7 60. Ka5 Rh5+ 61. b5 Rh8 62. Rb6+ Ka7 63. Rg6 Rh7 64. Rg3 Kb7 65. Rg5 Ka7 66. b6+ Kb7 67. Kb5 Rh4 68. Rg7+ Kb8 69. Re7 Rf4 70. Re3 Rh4 71. Ra3 Kb7 72. Ra7+ Kb8 73. Rd7 Rf4 74. Rd3 Rh4 75. Kc6 Rh6+ 76. Kc5 Rh5+ 77. Kd6 Kb7 78. Rb3 Rh6+ 79. Ke7 Rxb6 80. Rxh3 Rb2 81. Rh6 Re2+ 82. Kf7 Rf2+ 83. Kg7 Rg2+ 84. Kf7 Rf2+ 85. Ke6 Re2+ 86. Kf5 Kc7 87. h4 Kd8 88. Kf6 Rf2+ 89. Kg7 Ke7 90. Rg6 Rf7+ 91. Kh8 Rf4 92. h5 Kf7 93. Ra6 Rf5 94. h6 Rf1 95. Ra7+ Kf8 96. Rg7 Rf2 97. Kh7 Rf1 98. Rg8+ Kf7 99. Rb8 Rf2 100. Rb7+ Kf8 101. Kg6 Rg2+ 102. Kf6 Rf2+ 103. Ke5 Kg8 104. h7+ Kh8 105. Ke6 Re2+ 1/2-1/2

[Event "Cherkasy Konsalt IM"]
[Site "Cherkasy"]
[Date "2021.05.07"]
[Round "6"]
[White "Anwesh, Upadhyaya"]
[Black "Srinath, Rao SV"]
[Result "1/2-1/2"]
[WhiteElo "2369"]
[BlackElo "2384"]
[PlyCount "34"]
[EventDate "2021.05.04"]
[EventType "tourn"]
[EventRounds "9"]
[EventCountry "UKR"]
[EventCategory "1"]
[SourceTitle "CBM 202 Extra"]
[Source "ChessBase"]
[SourceDate "2021.07.31"]
[SourceVersion "1"]
[SourceVersionDate "2021.07.31"]
[SourceQuality "1"]

1. e4 c5 2. Nf3 Nc6 3. d4 cxd4 4. Nxd4 e6 5. Nc3 Qc7 6. Be3 a6 7. a3 b5 8. Qd2 Nf6 9. f3 Be7 10. Qf2 Ne5 11. Be2 Bb7 12. Nb3 Rc8 13. Bb6 Qb8 14. Ba7 Qc7 15. Bb6 Qb8 16. Ba7 Qc7 17. Bb6 Qb8 1/2-1/2

[Event "Cherkasy Konsalt Apr"]
[Site "Cherkasy"]
[Date "2021.04.10"]
[Round "7"]
[White "Anwesh, Upadhyaya"]
[Black "Doluhanova, Evgeniya"]
[Result "1-0"]
[WhiteElo "2370"]
[BlackElo "2221"]
[PlyCount "95"]
[EventDate "2021.04.06"]
[EventType "tourn"]
[EventRounds "9"]
[EventCountry "UKR"]
[SourceTitle "CBM 201 Extra"]
[Source "ChessBase"]
[SourceDate "2021.05.31"]
[SourceVersion "1"]
[SourceVersionDate "2021.05.31"]
[SourceQuality "1"]

1. g3 d5 2. Nf3 Nf6 3. c4 e6 4. Bg2 dxc4 5. Na3 Nbd7 6. Nxc4 Nb6 7. Nce5 Nfd7 8. 0-0 Nxe5 9. Nxe5 f6 10. Nf3 Be7 11. d4 0-0 12. e4 Bd7 13. Bf4 Ba4 14. Qe2 a6 15. Rfe1 Rc8 16. Bh3 Bd7 17. Red1 Qe8 18. Rac1 Qh5 19. Bg2 e5 20. Be3 exd4 21. Nxd4 Qxe2 22. Nxe2 c5 23. b4 Ba4 24. Rd2 Bb5 25. Bh3 Rcd8 26. Be6+ Kh8 27. Rxd8 Rxd8 28. bxc5 Na4 29. Nf4 Bc6 30. Bb3 Nb2 31. Nd5 Bf8 32. g4 Nd3 33. Rc3 Ne5 34. h3 Re8 35. Kg2 Rc8 36. f3 Bb5 37. Nb6 Rc7 38. a4 Be2 39. f4 Nd3 40. Bc4 Ne1+ 41. Kf2 Bxc4 42. Nxc4 Bxc5 43. Bxc5 Rxc5 44. Kxe1 b5 45. axb5 axb5 46. Rd3 g5 47. Nd2 gxf4 48. Ke2 1-0

[Event "Cherkasy Konsalt Apr"]
[Site "Cherkasy"]
[Date "2021.04.09"]
[Round "6"]
[White "Terletsky, Oleg"]
[Black "Anwesh, Upadhyaya"]
[Result "1/2-1/2"]
[WhiteElo "2213"]
[BlackElo "2370"]
[PlyCount "159"]
[EventDate "2021.04.06"]
[EventType "tourn"]
[EventRounds "9"]
[EventCountry "UKR"]
[SourceTitle "CBM 201 Extra"]
[Source "ChessBase"]
[SourceDate "2021.05.31"]
[SourceVersion "1"]
[SourceVersionDate "2021.05.31"]
[SourceQuality "1"]

1. e4 e5 2. Nf3 Nc6 3. Nc3 Nf6 4. d4 exd4 5. Nxd4 Bb4 6. Nxc6 bxc6 7. Bd3 0-0 8. 0-0 d5 9. exd5 cxd5 10. Bg5 Be6 11. Ne2 h6 12. Bh4 Be7 13. Nd4 Bg4 14. Qc1 Qd6 15. Bg3 Qb6 16. Nf5 Bxf5 17. Bxf5 Bd6 18. b3 Rfe8 19. Qd2 Bxg3 20. hxg3 Re5 21. Bd3 Rae8 22. Rae1 Qe6 23. Rxe5 Qxe5 24. Qf4 c5 25. Qxe5 Rxe5 26. f3 Kf8 27. Kf2 Ke7 28. Rh1 a5 29. c3 Kd6 30. Rh4 Kc6 31. Ra4 Kb6 32. a3 Re7 33. Be2 Ne8 34. Rh4 Nd6 35. Rh1 Kc6 36. c4 d4 37. Bd3 Re3 38. Rd1 f5 39. Rd2 h5 40. a4 g6 41. Bc2 Kd7 42. Rd3 Re7 43. Rd2 Nf7 44. g4 hxg4 45. fxg4 Nd6 46. gxf5 gxf5 47. Re2 Rxe2+ 48. Kxe2 Ke6 49. Kf3 Ke5 50. g4 fxg4+ 51. Kxg4 d3 52. Bxd3 Kd4 53. Be2 Kc3 54. Kf4 Kxb3 55. Ke5 Nc8 56. Kd5 Kb4 57. Kc6 Ne7+ 58. Kb6 Nf5 59. Bg4 Ne3 60. Be6 Nd1 61. Bd7 Nb2 62. Bb5 Nd3 63. Ka6 Nf2 64. Kb7 Ne4 65. Kc7 Ng5 66. Kb7 Nf7 67. Kc7 Ne5 68. Kb6 Ng4 69. Kb7 Nf2 70. Kc7 Nd1 71. Kb7 Nb2 72. Kb6 Nd3 73. Kb7 Ne1 74. Kc7 Nf3 75. Kb7 Nd2 76. Kb6 Ne4 77. Kc7 Nc3 78. Kb6 Nb1 79. Kb7 Na3 80. Kb6 1/2-1/2

[Event "Mykolaiv IM"]
[Site "Mykolaiv"]
[Date "2021.02.28"]
[Round "3"]
[White "Anwesh, Upadhyaya"]
[Black "Sidorika, Vladislav"]
[Result "1-0"]
[WhiteElo "2364"]
[BlackElo "2331"]
[PlyCount "191"]
[EventDate "2021.02.27"]
[EventType "tourn"]
[EventRounds "9"]
[EventCountry "UKR"]
[EventCategory "1"]
[SourceTitle "EXT 2022"]
[Source "ChessBase"]
[SourceDate "2021.10.06"]
[SourceVersion "1"]
[SourceVersionDate "2021.10.06"]
[SourceQuality "1"]

1. c4 Nf6 2. g3 e6 3. d4 d5 4. Nf3 Bb4+ 5. Bd2 Be7 6. Bg2 0-0 7. 0-0 c6 8. Qc2 Nbd7 9. Bf4 b6 10. Rd1 Bb7 11. Ne5 Rc8 12. Nc3 h6 13. e4 dxe4 14. Nxe4 Nxe4 15. Bxe4 Bf6 16. Rd3 Bxe5 17. dxe5 Qc7 18. Rad1 Nc5 19. Bh7+ Kh8 20. Rd6 a5 21. Be3 Na6 22. Rd7 Qb8 23. Be4 Ba8 24. R1d6 c5 25. Bxh6 Rc7 26. Rxc7 Qxc7 27. Bxa8 Rxa8 28. Bg5 Qb7 29. a3 b5 30. cxb5 Qxb5 31. Qe4 Nc7 32. Qc6 Qe2 33. Qxc7 Qe1+ 34. Kg2 Qe4+ 35. f3 Qe2+ 36. Kh3 Qxf3 37. Rd8+ Kh7 38. Rxa8 Qh5+ 39. Bh4 Qf5+ 40. g4 Qf1+ 41. Kg3 Qg1+ 42. Kf3 Qd1+ 43. Ke3 Qd4+ 44. Ke2 Qxg4+ 45. Kd3 Qd4+ 46. Kc2 Qc4+ 47. Kb1 Qd3+ 48. Kc1 Qc4+ 49. Kd2 Qd4+ 50. Ke2 Qc4+ 51. Kf3 Qd3+ 52. Kf4 Qd4+ 53. Kg3 Qe3+ 54. Kg2 Qe4+ 55. Kh3 Qf5+ 56. Kg3 Qd3+ 57. Kf2 Qd4+ 58. Kf1 Qd3+ 59. Kg1 Qb1+ 60. Kf2 Qxb2+ 61. Kf1 Qb5+ 62. Kg2 Qe2+ 63. Bf2 Qg4+ 64. Kf1 Qd1+ 65. Be1 Qf3+ 66. Kg1 Qe3+ 67. Bf2 Qg5+ 68. Kh1 Qf5 69. Qxc5 Qf3+ 70. Kg1 Qxa8 71. a4 g5 72. Qe7 Qf3 73. Qf6 Qg4+ 74. Bg3 Qd1+ 75. Qf1 Qd4+ 76. Qf2 Qd1+ 77. Kg2 Kg8 78. Qe3 Qxa4 79. Qxg5+ Kf8 80. Bf2 Qe4+ 81. Kg3 Qd5 82. Qe3 Kg8 83. Qd4 Qb3+ 84. Qe3 Qd5 85. Be1 a4 86. Bb4 Qd8 87. Bd6 Qa5 88. Kg4 Qb5 89. Kg5 Qb1 90. Kf6 Qf5+ 91. Ke7 Qh5 92. Qg3+ Kh8 93. Kf8 Qh7 94. Qg5 Qg6 95. Qh4+ Qh7 96. Qf6+ 1-0

[Event "Titled Tuesday intern op 6th June"]
[Site "Chess.com INT"]
[Date "2020.06.02"]
[Round "1"]
[White "Anwesh, Upadhyaya"]
[Black "Yu, Jennifer R"]
[Result "1-0"]
[WhiteElo "2364"]
[BlackElo "2315"]
[PlyCount "87"]
[EventDate "2020.06.02"]
[EventType "swiss (blitz)"]
[EventRounds "10"]
[EventCountry "USA"]
[SourceTitle "CBM 196 Extra"]
[Source "ChessBase"]
[SourceDate "2020.07.31"]
[SourceVersion "1"]
[SourceVersionDate "2020.07.31"]
[SourceQuality "1"]

1. d4 d5 2. c4 e6 3. Nf3 a6 4. cxd5 exd5 5. Nc3 Nf6 6. Bg5 Be6 7. e3 Nbd7 8. Bd3 c6 9. 0-0 Bd6 10. Bh4 Qc7 11. Bg3 h6 12. Bxd6 Qxd6 13. h3 0-0 14. Qc2 Rac8 15. Rac1 b5 16. Rfd1 c5 17. dxc5 Nxc5 18. Qd2 b4 19. Ne2 Nce4 20. Bxe4 Nxe4 21. Qd4 Qe7 22. Nf4 Rfd8 23. Qe5 Rc5 24. Nd4 Qd6 25. Qxd6 Rxd6 26. Rxc5 Nxc5 27. Rc1 Na4 28. Nd3 Bd7 29. b3 Nc3 30. Nxb4 a5 31. Rxc3 axb4 32. Rc7 Be6 33. Rc6 Rd8 34. Nxe6 fxe6 35. Rxe6 Ra8 36. Rb6 Rxa2 37. Rxb4 Kf7 38. g4 Ke6 39. Kg2 Ke5 40. Rb7 g5 41. Rb6 Rb2 42. Rxh6 Rxb3 43. Rg6 Ke4 44. Rxg5 1-0